[Event "Stafford Wood Green"]
[Site "Stafford"]
[Date "2025.03.08"]
[Round "7"]
[White "Alexakis, Dimitris"]
[Black "Gasanov, Eldar"]
[Result "1-0"]
[WhiteElo "2507"]
[BlackElo "2469"]
[PlyCount "132"]
[EventDate "2025.03.05"]
[EventType "tourn"]
[EventRounds "9"]
[EventCountry "ENG"]
[EventCategory "8"]
[SourceTitle "CB11_2025"]
[SourceDate "2025.03.12"]
[SourceVersion "1"]
[SourceVersionDate "2025.03.12"]
[SourceQuality "1"]

1. e4 e5 2. Nf3 Nc6 3. Bb5 a6 4. Ba4 Nf6 5. 0-0 Be7 6. Re1 b5 7. Bb3 d6 8. c3 0-0 9. h3 Re8 10. Ng5 Rf8 11. d4 Bb7 12. a3 Na5 13. Bc2 c5 14. Nf3 Nd7 15. Nbd2 exd4 16. cxd4 cxd4 17. Nxd4 g6 18. b4 Bf6 19. Bb2 Nc6 20. Nxc6 Bxc6 21. Bxf6 Qxf6 22. Nb3 Rac8 23. Qd2 d5 24. Rad1 dxe4 25. Bxe4 Bxe4 26. Rxe4 Ne5 27. Qd6 Qxd6 28. Rxd6 Nc4 29. Rxa6 Ra8 30. Rxa8 Rxa8 31. Nd4 Nxa3 32. Re5 Rd8 33. Nc6 Rd1+ 34. Kh2 Rd7 35. Kg3 f6 36. Re3 Nc2 37. Re8+ Kf7 38. Rb8 Na3 39. Rb6 h5 40. h4 Kg7 41. f3 Kh6 42. Nb8 Rf7 43. Na6 Kg7 44. Nc5 Re7 45. Ne4 Rf7 46. Kf4 Rf8 47. g3 Rf7 48. g4 hxg4 49. fxg4 Rf8 50. Nd6 Rd8 51. g5 fxg5+ 52. hxg5 Rf8+ 53. Ke4 Rf1 54. Nxb5 Nc4 55. Rb7+ Kf8 56. Kd5 Ne3+ 57. Ke6 Nc2 58. Nd6 Nd4+ 59. Kd7 Rg1 60. b5 Rd1 61. Rb8+ Kg7 62. Rb6 Nf3 63. Rc6 Nxg5 64. b6 Nf3 65. b7 Ne5+ 66. Kc7 Rb1 1-0

[Event "Stafford Wood Green"]
[Site "Stafford"]
[Date "2025.03.06"]
[Round "3"]
[White "Willow, Jonah B"]
[Black "Gasanov, Eldar"]
[Result "1/2-1/2"]
[WhiteElo "2450"]
[BlackElo "2469"]
[PlyCount "87"]
[EventDate "2025.03.05"]
[EventType "tourn"]
[EventRounds "9"]
[EventCountry "ENG"]
[EventCategory "8"]
[SourceTitle "CB11_2025"]
[SourceDate "2025.03.12"]
[SourceVersion "1"]
[SourceVersionDate "2025.03.12"]
[SourceQuality "1"]

1. e4 c5 2. Nf3 d6 3. d4 Nf6 4. Nc3 cxd4 5. Nxd4 Bd7 6. Bg5 e6 7. Qd3 a6 8. 0-0-0 h6 9. Bh4 g5 10. Bg3 Nh5 11. Be2 Nxg3 12. hxg3 Nc6 13. Nxc6 Bxc6 14. Qd4 Rg8 15. Bh5 Bg7 16. Qxd6 Qxd6 17. Rxd6 Ke7 18. Rd3 Rad8 19. Rxd8 Rxd8 20. Bf3 b5 21. Re1 Bd4 22. Nd1 b4 23. Ne3 a5 24. Rh1 a4 25. Rxh6 a3 26. bxa3 bxa3 27. Nd1 Bb5 28. c3 Bg7 29. Rh5 Bc4 30. Ne3 Bxa2 31. Nc2 Ra8 32. e5 Ra4 33. Nd4 Bc4 34. Nc6+ Kd7 35. Rh1 g4 36. Be4 Bf1 37. Nb4 a2 38. Nxa2 Bxg2 39. Bxg2 Rxa2 40. Rh7 Bxe5 41. Rxf7+ Ke8 42. Rh7 Rxf2 43. Bc6+ Kf8 44. Rh4 1/2-1/2

[Event "Stafford Wood Green"]
[Site "Stafford"]
[Date "2025.03.05"]
[Round "2"]
[White "Gasanov, Eldar"]
[Black "Badacsonyi, Stanley Ethan Artie"]
[Result "1/2-1/2"]
[WhiteElo "2469"]
[BlackElo "2334"]
[PlyCount "37"]
[EventDate "2025.03.05"]
[EventType "tourn"]
[EventRounds "9"]
[EventCountry "ENG"]
[EventCategory "8"]
[SourceTitle "CB11_2025"]
[SourceDate "2025.03.12"]
[SourceVersion "1"]
[SourceVersionDate "2025.03.12"]
[SourceQuality "1"]

1. d4 Nf6 2. c4 g6 3. Nc3 Bg7 4. e4 d6 5. h3 0-0 6. Bg5 c5 7. d5 e6 8. Nf3 exd5 9. cxd5 Re8 10. Bd3 c4 11. Bc2 b5 12. 0-0 a6 13. Re1 Nbd7 14. Nd4 Qb6 15. Be3 Nc5 16. b4 cxb3 17. axb3 b4 18. Na4 Nxa4 19. Rxa4 1/2-1/2

[Event "British Rapidplay"]
[Site "Peterborough"]
[Date "2025.03.02"]
[Round "8"]
[White "Gormally, Daniel"]
[Black "Gasanov, Eldar"]
[Result "1/2-1/2"]
[WhiteElo "2428"]
[BlackElo "2469"]
[PlyCount "182"]
[EventDate "2025.03.01"]
[EventType "swiss (rapid)"]
[EventRounds "11"]
[EventCountry "ENG"]
[SourceTitle "CB10_2025"]
[SourceDate "2025.03.05"]
[SourceVersion "1"]
[SourceVersionDate "2025.03.05"]
[SourceQuality "1"]

1. d4 Nf6 2. Nf3 b6 3. Bg5 Bb7 4. Nbd2 g6 5. e3 Bg7 6. Bd3 c5 7. c3 d6 8. 0-0 0-0 9. Re1 Nbd7 10. e4 h6 11. Bh4 cxd4 12. cxd4 Nh5 13. Rc1 g5 14. Bg3 Nxg3 15. hxg3 e6 16. Nb3 Rc8 17. Qe2 Ba8 18. Ba6 Rc6 19. Bb5 Rxc1 20. Rxc1 Nb8 21. Nfd2 Bb7 22. Qe3 a6 23. Bd3 b5 24. g4 Nc6 25. Nf3 Qb6 26. Bb1 Rc8 27. Qd2 Ne7 28. Rxc8+ Bxc8 29. Nc1 Ng6 30. Ne2 e5 31. dxe5 Nxe5 32. Ng3 Bxg4 33. Nh2 Be6 34. b3 Qc5 35. Nhf1 Ng4 36. Ne3 Bc3 37. Qd3 Nxe3 38. fxe3 Be5 39. Ne2 a5 40. Kf2 b4 41. Nd4 Bd7 42. Nf3 Kg7 43. Qe2 Bf6 44. Nh2 Be5 45. Nf3 Bb5 46. Bd3 Bc6 47. Nd2 Bf6 48. Nc4 d5 49. exd5 Qxd5 50. Kg1 Bc3 51. Bb1 f5 52. Bc2 Kf6 53. Qf2 Kg6 54. Nb6 Qe6 55. g4 Be4 56. gxf5+ Qxf5 57. Bxe4 Qxe4 58. Nc4 a4 59. Qf8 axb3 60. axb3 Kh5 61. Kf2 g4 62. Kg3 Be1+ 63. Kh2 g3+ 64. Kg1 Bf2+ 65. Kf1 Qh1+ 66. Ke2 Qe1+ 67. Kf3 Qd1+ 68. Kg2 Qd5+ 69. Kf1 Qg5 70. Kg2 Kh4 71. Nd6 Qd5+ 72. e4 Qd2 73. Qf6+ Qg5 74. Nf5+ Kh5 75. Ng7+ Kh4 76. Nf5+ Kg4 77. Qe6 Kf4 78. Nxh6 Qh5 79. Qf5+ Qxf5 80. exf5 Kg5 81. Ng8 Kxf5 82. Ne7+ Kg4 83. Nc6 Bc5 84. Ne5+ Kh4 85. Nf3+ Kg4 86. Ne5+ Kh4 87. Nf3+ Kg4 88. Ne5+ Kf5 89. Nd3 Bd6 90. Nxb4 Bxb4 91. Kxg3 Ke5 1/2-1/2

[Event "British Rapidplay"]
[Site "Peterborough"]
[Date "2025.03.01"]
[Round "4"]
[White "Gasanov, Eldar"]
[Black "Rushbrooke, Remy"]
[Result "1-0"]
[WhiteElo "2469"]
[BlackElo "2094"]
[PlyCount "67"]
[EventDate "2025.03.01"]
[EventType "swiss (rapid)"]
[EventRounds "11"]
[EventCountry "ENG"]
[SourceTitle "CB10_2025"]
[SourceDate "2025.03.05"]
[SourceVersion "1"]
[SourceVersionDate "2025.03.05"]
[SourceQuality "1"]

1. d4 g6 2. e4 Bg7 3. Nf3 d6 4. Bc4 Nf6 5. Qe2 Bg4 6. e5 dxe5 7. Bxf7+ Kxf7 8. Nxe5+ Kf8 9. Nxg4 Qxd4 10. Ne3 Nbd7 11. 0-0 Kf7 12. Rd1 Qc5 13. Nd2 Rhe8 14. Nb3 Qb6 15. Qc4+ e6 16. Ng4 c6 17. a4 Nd5 18. Be3 Qc7 19. Nh6+ Kf8 20. Nc5 Ne5 21. Qh4 Qe7 22. Qh3 Nxe3 23. Qxe3 Qh4 24. Re1 Bxh6 25. Qxe5 Bf4 26. Nxe6+ Rxe6 27. Qxe6 Qxh2+ 28. Kf1 Qh1+ 29. Ke2 Qh5+ 30. g4 Qg5 31. Kf3 Bc7 32. Re4 Rd8 33. Rd1 Rxd1 34. Qe8+ 1-0

[Event "Hastings Masters op 98th"]
[Site "Hastings"]
[Date "2024.12.29"]
[Round "2"]
[White "Gasanov, Eldar"]
[Black "Boswell, Jacob Connor"]
[Result "1/2-1/2"]
[WhiteElo "2476"]
[BlackElo "2277"]
[PlyCount "56"]
[EventDate "2024.12.28"]
[EventType "swiss"]
[EventRounds "9"]
[EventCountry "ENG"]
[SourceTitle "CB02_2025"]
[SourceDate "2025.01.08"]
[SourceVersion "1"]
[SourceVersionDate "2025.01.08"]
[SourceQuality "1"]

1. d4 Nf6 2. Nf3 g6 3. g3 Bg7 4. Bg2 0-0 5. 0-0 d6 6. Re1 c5 7. c3 Bf5 8. dxc5 dxc5 9. Qxd8 Rxd8 10. Nfd2 Rd7 11. Nb3 Na6 12. Na3 Rc8 13. Bf4 Nh5 14. Be3 b6 15. Rad1 Nc7 16. Rxd7 Bxd7 17. Rd1 Nf6 18. Nc4 Ne6 19. Ne5 Ba4 20. Rd2 Ne8 21. Nc4 Rd8 22. f4 Bb5 23. Rxd8 Nxd8 24. Nbd2 Kf8 25. Kf2 Nd6 26. Na3 Bc6 27. Bxc6 Nxc6 28. Kf3 e5 1/2-1/2

[Event "Hastings Masters op 98th"]
[Site "Hastings"]
[Date "2024.12.28"]
[Round "1"]
[White "Brewer, Callum D"]
[Black "Gasanov, Eldar"]
[Result "0-1"]
[WhiteElo "2151"]
[BlackElo "2476"]
[PlyCount "102"]
[EventDate "2024.12.28"]
[EventType "swiss"]
[EventRounds "9"]
[EventCountry "ENG"]
[SourceTitle "CB02_2025"]
[SourceDate "2025.01.08"]
[SourceVersion "1"]
[SourceVersionDate "2025.01.08"]
[SourceQuality "1"]

1. e4 c5 2. Nf3 e6 3. c3 d5 4. exd5 Qxd5 5. d4 Nf6 6. Na3 a6 7. Nc4 Nbd7 8. Be2 b5 9. Ne3 Qc6 10. Ne5 Qc7 11. Bf3 Bb7 12. Bxb7 Qxb7 13. Qf3 Rb8 14. Qxb7 Rxb7 15. Nf3 Bd6 16. 0-0 0-0 17. Bd2 Rc8 18. dxc5 Nxc5 19. Rad1 Na4 20. b3 Nb6 21. c4 Bc5 22. cxb5 axb5 23. Rc1 Rbb8 24. g3 Ne4 25. Ba5 Bxe3 26. fxe3 Nd5 27. Nd4 h5 28. Rfe1 b4 29. Rc4 Ra8 30. Rec1 Rxc4 31. bxc4 Rxa5 32. cxd5 Rxd5 33. Rc4 e5 34. Nf3 Nc3 35. Rxb4 Nxa2 36. Rc4 f6 37. Kf2 Rd7 38. Ke2 Rb7 39. Kd3 Kf7 40. Ra4 Rb3+ 41. Kd2 Rb2+ 42. Kd3 Rb3+ 43. Kd2 Nb4 44. Ra7+ Ke6 45. Rxg7 Nd5 46. Rh7 Rxe3 47. Ne1 Rb3 48. Rxh5 e4 49. Nc2 e3+ 50. Ke2 Rb2 51. Kd1 Nc3+ 0-1

[Event "London Classic Superblitz Gp-A"]
[Site "London"]
[Date "2024.12.07"]
[Round "2"]
[White "Gasanov, Eldar"]
[Black "Pang, Ethan"]
[Result "1-0"]
[WhiteElo "2476"]
[BlackElo "2300"]
[PlyCount "159"]
[EventDate "2024.12.07"]
[EventType "tourn (blitz)"]
[EventRounds "7"]
[EventCountry "ENG"]
[EventCategory "10"]
[SourceTitle "CB04_2025"]
[SourceDate "2025.01.22"]
[SourceVersion "1"]
[SourceVersionDate "2025.01.22"]
[SourceQuality "1"]

1. c4 c5 2. Nf3 Nc6 3. Nc3 e5 4. g3 g6 5. Bg2 Bg7 6. 0-0 d6 7. a3 a5 8. Ne1 Be6 9. d3 Nge7 10. Nd5 0-0 11. Nc2 a4 12. Nce3 Nd4 13. Nxe7+ Qxe7 14. Nd5 Qd8 15. Rb1 Rb8 16. Nc3 b5 17. e3 Nb3 18. Nxb5 d5 19. cxd5 Bxd5 20. Nc3 Bxg2 21. Kxg2 Nxc1 22. Rxc1 Rxb2 23. Nxa4 Rb5 24. Nxc5 Qa8+ 25. Qf3 Qxa3 26. Qc6 Ra5 27. Nd7 Rd8 28. Qc7 Raa8 29. Ra1 Qxd3 30. Rxa8 Qd5+ 31. Kg1 Qxa8 32. Nxe5 Qd5 33. Nc4 Bf6 34. Nb6 Qd6 35. Qxd6 Rxd6 36. Nc4 Rc6 37. Nd2 Rc2 38. Ne4 Be7 39. g4 Rc4 40. f3 f5 41. gxf5 gxf5 42. Ng3 f4 43. exf4 Rxf4 44. Kg2 Rf7 45. Ne4 Rg7+ 46. Kf2 Bh4+ 47. Ke3 Rf7 48. f4 Rf5 49. Kf3 h5 50. Rg1+ Kf8 51. Ng5 Ke7 52. Ke4 Ra5 53. Nf3 Bf6 54. Rd1 h4 55. Rd5 Ra4+ 56. Kf5 Ra3 57. Ng5 Ra2 58. Ne4 Bg7 59. h3 Ra3 60. Ng5 Bf6 61. Ne4 Bg7 62. Kg4 Ra4 63. Ng5 Bf6 64. Rf5 Ra3 65. Ne4 Bg7 66. Kxh4 Ra4 67. Ng5 Bf6 68. Kh5 Ra3 69. h4 Ra8 70. Rb5 Rh8+ 71. Kg6 Rg8+ 72. Kf5 Bc3 73. Rb7+ Kf8 74. Ne6+ Ke8 75. Rb8+ Kf7 76. Ng5+ Kg7 77. Rb7+ Kf8 78. h5 Rh8 79. Kg4 Bf6 80. Rf7+ 1-0

[Event "London Classic Superblitz Gp-A"]
[Site "London"]
[Date "2024.12.07"]
[Round "3"]
[White "Harvey, Marcus Ross"]
[Black "Gasanov, Eldar"]
[Result "1-0"]
[WhiteElo "2494"]
[BlackElo "2476"]
[PlyCount "77"]
[EventDate "2024.12.07"]
[EventType "tourn (blitz)"]
[EventRounds "7"]
[EventCountry "ENG"]
[EventCategory "10"]
[SourceTitle "CB04_2025"]
[SourceDate "2025.01.22"]
[SourceVersion "1"]
[SourceVersionDate "2025.01.22"]
[SourceQuality "1"]

1. Nf3 c5 2. c4 Nc6 3. d4 cxd4 4. Nxd4 Nf6 5. Nc3 e6 6. Bf4 a6 7. e3 Bb4 8. Nxc6 bxc6 9. Qc2 0-0 10. Be2 d5 11. 0-0 Re8 12. a3 Bf8 13. Bg5 h6 14. Bh4 Be7 15. Rfd1 Qb6 16. Na4 Qa7 17. Rac1 a5 18. cxd5 cxd5 19. Nc5 Rb8 20. Bg3 Rb6 21. Na4 Rb7 22. Be5 Nd7 23. Qxc8 Rxc8 24. Rxc8+ Kh7 25. Bd4 Rb6 26. Bd3+ f5 27. Nxb6 Qb7 28. Rdc1 Bd6 29. R8c6 Bb8 30. Rxe6 Nf8 31. Bxf5+ Kg8 32. Re8 Bd6 33. Rcc8 Kf7 34. g4 g6 35. Bd3 a4 36. h3 Ne6 37. Bxg6+ Kxg6 38. Rxe6+ Kf7 39. Rxd6 1-0

[Event "London Classic Superblitz Gp-A"]
[Site "London"]
[Date "2024.12.07"]
[Round "5"]
[White "Vitiugov, Nikita"]
[Black "Gasanov, Eldar"]
[Result "1-0"]
[WhiteElo "2668"]
[BlackElo "2476"]
[PlyCount "109"]
[EventDate "2024.12.07"]
[EventType "tourn (blitz)"]
[EventRounds "7"]
[EventCountry "ENG"]
[EventCategory "10"]
[SourceTitle "CB04_2025"]
[SourceDate "2025.01.22"]
[SourceVersion "1"]
[SourceVersionDate "2025.01.22"]
[SourceQuality "1"]

1. d4 f5 2. g3 Nf6 3. Bg2 g6 4. Nf3 Bg7 5. 0-0 0-0 6. c4 d6 7. Nc3 c6 8. Rb1 a5 9. Qb3 Kh8 10. Rd1 Qc7 11. c5 Na6 12. Na4 Nd5 13. Ng5 h6 14. Bxd5 cxd5 15. cxd6 Qxd6 16. Bf4 Qd8 17. Nf3 Nb4 18. a3 b5 19. Nc3 Nc6 20. Qxb5 Bd7 21. Qxd5 Qe8 22. Ne5 Nxe5 23. Bxe5 a4 24. Bxg7+ Kxg7 25. Qe5+ Kh7 26. d5 Qf7 27. Rd4 Ra7 28. Rbd1 Qf6 29. Qxf6 Rxf6 30. Rb4 Kg7 31. Rdd4 Rfa6 32. h4 Kf6 33. Kf1 Ke5 34. Ke1 Kd6 35. Kd2 Ra8 36. e3 R8a7 37. Ne2 Ra5 38. Nc3 R5a6 39. Rb8 Ra8 40. Rxa8 Rxa8 41. Rb4 Ra6 42. Kd3 Kc5 43. Rb8 g5 44. hxg5 hxg5 45. Rg8 g4 46. Rg7 Kd6 47. Kd4 Ra5 48. e4 e5+ 49. Kc4 Ra8 50. Rg6+ Kc7 51. Kc5 Ra5+ 52. Kb4 Ra8 53. exf5 Bxf5 54. Rg7+ Kd6 55. Nb5+ 1-0

[Event "UK Blitz Final"]
[Site "Leamington Spa"]
[Date "2024.11.16"]
[Round "6"]
[White "Gasanov, Eldar"]
[Black "Gordon, Frederick"]
[Result "1/2-1/2"]
[WhiteElo "2476"]
[BlackElo "2361"]
[PlyCount "113"]
[EventDate "2024.11.16"]
[EventType "tourn (blitz)"]
[EventRounds "15"]
[EventCountry "ENG"]
[EventCategory "1"]
[SourceTitle "CB47_2024"]
[SourceDate "2024.11.20"]
[SourceVersion "1"]
[SourceVersionDate "2024.11.20"]
[SourceQuality "1"]

1. e4 e5 2. Nc3 Nc6 3. g3 Bc5 4. Bg2 d6 5. Na4 Nge7 6. Ne2 0-0 7. 0-0 Bg4 8. h3 Bxe2 9. Qxe2 Qd7 10. Nxc5 dxc5 11. d3 Nd4 12. Qd1 Ne6 13. b3 Rae8 14. Be3 b6 15. Kh2 Kh8 16. Qd2 a5 17. a4 Nd4 18. f4 exf4 19. Rxf4 Ng6 20. Rf2 f6 21. Raf1 Ne5 22. Qd1 Rd8 23. g4 Ne6 24. g5 fxg5 25. Rxf8+ Rxf8 26. Rxf8+ Nxf8 27. Bxg5 Ne6 28. Be3 Qf7 29. Qd2 Nf3+ 30. Bxf3 Qxf3 31. Qf2 Qxf2+ 32. Bxf2 g6 33. Kg3 Kg7 34. Be3 Kf6 35. c3 Ke5 36. h4 c6 37. Kf3 b5 38. Bf2 bxa4 39. bxa4 h6 40. Bg3+ Kf6 41. Ke3 g5 42. d4 cxd4+ 43. cxd4 Nd8 44. hxg5+ hxg5 45. Bc7 Nb7 46. Kf3 Kg6 47. Kg4 Kf6 48. Bb6 Ke6 49. Kxg5 Nd6 50. Kf4 Nc4 51. Bd8 Kd7 52. Bf6 Nb2 53. d5 Nxa4 54. dxc6+ Kxc6 55. Ke3 Nc5 56. Bb2 Nxe4 57. Kxe4 1/2-1/2

[Event "Darlington Northumbria GM"]
[Site "Darlington"]
[Date "2024.08.26"]
[Round "9"]
[White "Gasanov, Eldar"]
[Black "Willow, Jonah B"]
[Result "1/2-1/2"]
[WhiteElo "2469"]
[BlackElo "2414"]
[PlyCount "24"]
[EventDate "2024.08.22"]
[EventType "tourn"]
[EventRounds "9"]
[EventCountry "ENG"]
[EventCategory "6"]
[SourceTitle "CBM 221 Extra"]
[Source "ChessBase"]
[SourceDate "2024.09.30"]
[SourceVersion "1"]
[SourceVersionDate "2024.09.30"]
[SourceQuality "1"]

1. d4 Nf6 2. c4 g6 3. Nc3 Bg7 4. e4 d6 5. Be2 0-0 6. Bg5 c5 7. d5 h6 8. Bf4 e6 9. Nf3 exd5 10. exd5 Re8 11. 0-0 Ne4 12. Nxe4 Rxe4 1/2-1/2

[Event "Darlington Northumbria GM"]
[Site "Darlington"]
[Date "2024.08.25"]
[Round "8"]
[White "Wachinger, Nikolas"]
[Black "Gasanov, Eldar"]
[Result "1/2-1/2"]
[WhiteElo "2454"]
[BlackElo "2469"]
[PlyCount "185"]
[EventDate "2024.08.22"]
[EventType "tourn"]
[EventRounds "9"]
[EventCountry "ENG"]
[EventCategory "6"]
[SourceTitle "CBM 221 Extra"]
[Source "ChessBase"]
[SourceDate "2024.09.30"]
[SourceVersion "1"]
[SourceVersionDate "2024.09.30"]
[SourceQuality "1"]

1. e4 e5 2. Nf3 Nc6 3. Bb5 a6 4. Ba4 Nge7 5. c3 Ng6 6. d4 exd4 7. h4 d3 8. h5 Nge5 9. Nxe5 Nxe5 10. f4 b5 11. Bb3 Nc4 12. Qxd3 d5 13. Bc2 dxe4 14. Qxe4+ Qe7 15. Kf2 Qxe4 16. Bxe4 Rb8 17. Nd2 Bc5+ 18. Kf3 Nxd2+ 19. Bxd2 Bb7 20. Rhe1 Kd7 21. Bxb7 Rxb7 22. Be3 Bd6 23. Bd4 Rg8 24. g4 Rbb8 25. Rad1 Rbe8 26. Rxe8 Kxe8 27. c4 bxc4 28. Rc1 Kd7 29. Rxc4 g6 30. Ra4 Ra8 31. b4 Kc6 32. a3 a5 33. Rxa5 Rxa5 34. bxa5 Kb5 35. Be5 Bxe5 36. fxe5 gxh5 37. gxh5 Kxa5 38. Ke4 Ka4 39. Kf5 c5 40. Kf6 c4 41. Kxf7 c3 42. e6 c2 43. e7 c1Q 44. e8Q+ Kxa3 45. Qe7+ Ka2 46. Kg7 h6 47. Qe6+ Ka3 48. Qd6+ Ka4 49. Qxh6 Qc7+ 50. Kg8 Qc4+ 51. Kh8 Qc8+ 52. Kh7 Qf5+ 53. Qg6 Qd7+ 54. Kg8 Qd8+ 55. Kg7 Qd4+ 56. Qf6 Qg4+ 57. Kh6 Qg8 58. Qd4+ Ka3 59. Qc3+ Ka4 60. Qc6+ Ka3 61. Qa6+ Kb3 62. Qb7+ Ka4 63. Qa7+ Kb4 64. Qg7 Qe8 65. Qd4+ Ka3 66. Qc5+ Kb3 67. Kg7 Qd7+ 68. Kf6 Qd8+ 69. Qe7 Qh8+ 70. Kg5 Qg8+ 71. Kf5 Qd5+ 72. Qe5 Qf7+ 73. Kg4 Qg8+ 74. Kf3 Qf7+ 75. Ke3 Qa7+ 76. Qd4 Qe7+ 77. Kd2 Ka2 78. Kc3 Qa3+ 79. Kc2 Qb3+ 80. Kd2 Qe6 81. Qa4+ Kb2 82. Qb5+ Ka2 83. Qa5+ Kb3 84. Qc3+ Ka4 85. Qd4+ Ka5 86. Qc5+ Ka4 87. Kd3 Qh3+ 88. Kc4 Qf1+ 89. Kd5 Qf5+ 90. Kc6 Qc8+ 91. Kb6 Qb8+ 92. Kc6 Qc8+ 93. Kb6 1/2-1/2

[Event "BCF-ch"]
[Site "Hull"]
[Date "2024.08.04"]
[Round "9"]
[White "Gasanov, Eldar"]
[Black "Wells, Peter K"]
[Result "0-1"]
[WhiteElo "2469"]
[BlackElo "2364"]
[PlyCount "76"]
[EventDate "2024.07.27"]
[EventType "swiss"]
[EventRounds "9"]
[EventCountry "ENG"]
[SourceTitle "CBM 221 Extra"]
[Source "ChessBase"]
[SourceDate "2024.09.30"]
[SourceVersion "1"]
[SourceVersionDate "2024.09.30"]
[SourceQuality "1"]

1. d4 Nf6 2. c4 e6 3. Nc3 Bb4 4. Qc2 0-0 5. Nf3 d5 6. cxd5 Qxd5 7. Bd2 Bxc3 8. Bxc3 b6 9. g3 Bb7 10. Bg2 c5 11. 0-0 cxd4 12. Bxd4 Nbd7 13. Rfd1 Rac8 14. Qa4 Qc6 15. Qa3 a5 16. b4 axb4 17. Qxb4 Nd5 18. Qb2 f6 19. Rac1 Qa4 20. Bh3 Kf7 21. e4 Ne7 22. Bxb6 Bxe4 23. Nd4 Bd5 24. Qe2 Qxa2 25. Qh5+ Kg8 26. Bc7 Ne5 27. Ra1 Qb2 28. Rab1 Qa2 29. Ra1 Qb2 30. Bxe6+ Bxe6 31. Nxe6 g6 32. Qh6 Nf5 33. Qf4 Rfe8 34. Rdb1 Qe2 35. Nc5 Rxc7 36. Ne4 Nf3+ 37. Kg2 Qxe4 38. Qxc7 N3h4+ 0-1

[Event "BCF-ch"]
[Site "Hull"]
[Date "2024.07.30"]
[Round "4"]
[White "Conquest, Stuart"]
[Black "Gasanov, Eldar"]
[Result "1-0"]
[WhiteElo "2510"]
[BlackElo "2469"]
[PlyCount "53"]
[EventDate "2024.07.27"]
[EventType "swiss"]
[EventRounds "9"]
[EventCountry "ENG"]
[SourceTitle "CBM 221 Extra"]
[Source "ChessBase"]
[SourceDate "2024.09.30"]
[SourceVersion "1"]
[SourceVersionDate "2024.09.30"]
[SourceQuality "1"]

1. e4 c5 2. Nf3 d6 3. d4 Nf6 4. Nc3 cxd4 5. Nxd4 a6 6. Be3 Ng4 7. Bc1 Nf6 8. f4 e5 9. Nf3 Nbd7 10. Bc4 Be7 11. 0-0 b5 12. Bb3 Bb7 13. fxe5 dxe5 14. Nh4 0-0 15. Nf5 b4 16. Nd5 Nxd5 17. exd5 Bc5+ 18. Kh1 g6 19. Nh6+ Kg7 20. Nxf7 Rxf7 21. Bh6+ Kxh6 22. Rxf7 Bc8 23. Qd2+ g5 24. Raf1 e4 25. Qe2 Qe8 26. Ba4 Bd4 27. Qc4 1-0

[Event "London Mindsports blitz op 4th"]
[Site "London"]
[Date "2024.07.23"]
[Round "7"]
[White "Gasanov, Eldar"]
[Black "Senlle Caride, Miguel"]
[Result "1/2-1/2"]
[WhiteElo "2474"]
[BlackElo "2339"]
[PlyCount "118"]
[EventDate "2024.07.23"]
[EventType "swiss (blitz)"]
[EventRounds "14"]
[EventCountry "ENG"]
[SourceTitle "CBM 221 Extra"]
[Source "ChessBase"]
[SourceDate "2024.09.30"]
[SourceVersion "1"]
[SourceVersionDate "2024.09.30"]
[SourceQuality "1"]

1. e4 c5 2. Nc3 Nc6 3. Bb5 Nd4 4. Nf3 a6 5. Bd3 Nc6 6. 0-0 d6 7. h3 g6 8. Re1 Bg7 9. Nd5 e6 10. Ne3 Nge7 11. c3 0-0 12. Bc2 d5 13. d3 d4 14. cxd4 Nxd4 15. Nxd4 Bxd4 16. Ng4 Bg7 17. Bh6 e5 18. Bxg7 Bxg4 19. hxg4 Kxg7 20. Qd2 Nc6 21. Bb3 Nd4 22. Bd5 Qd7 23. f3 Rac8 24. Rac1 b6 25. Qe3 a5 26. Kf2 h6 27. Rh1 Rh8 28. Rh2 Qe7 29. Rch1 g5 30. Rc1 Qf6 31. Rch1 Qf4 32. Qxf4 exf4 33. g3 fxg3+ 34. Kxg3 Rce8 35. f4 f6 36. fxg5 hxg5 37. Rxh8 Rxh8 38. Re1 Re8 39. Kg2 Nc2 40. Re2 Nb4 41. Bc4 Rd8 42. Re3 Nc2 43. Re2 b5 44. Rxc2 bxc4 45. dxc4 Rd3 46. Kf2 Kf7 47. Re2 Ke6 48. Re3 Rd2+ 49. Re2 Rd1 50. Re3 Ke5 51. Rf3 Rd2+ 52. Ke3 Rxb2 53. Rf5+ Ke6 54. Rxc5 Rxa2 55. Rc6+ Ke5 56. Rc5+ Ke6 57. Rc6+ Ke5 58. Rc5+ Ke6 59. Rc6+ Ke5 1/2-1/2

[Event "London Mindsports blitz op 4th"]
[Site "London"]
[Date "2024.07.23"]
[Round "4"]
[White "Malinovsky, Ilya"]
[Black "Gasanov, Eldar"]
[Result "0-1"]
[WhiteElo "1978"]
[BlackElo "2474"]
[PlyCount "87"]
[EventDate "2024.07.23"]
[EventType "swiss (blitz)"]
[EventRounds "14"]
[EventCountry "ENG"]
[SourceTitle "CBM 221 Extra"]
[Source "ChessBase"]
[SourceDate "2024.09.30"]
[SourceVersion "1"]
[SourceVersionDate "2024.09.30"]
[SourceQuality "1"]

1. d4 Nf6 2. Nc3 d5 3. Bf4 c5 4. e3 cxd4 5. exd4 a6 6. Nf3 Nc6 7. Ne5 Bd7 8. Nxc6 Bxc6 9. Bd3 e6 10. 0-0 Rc8 11. Ne2 Be7 12. c3 0-0 13. Ng3 b5 14. a4 bxa4 15. Bxa6 Ra8 16. Bd3 Qb6 17. Qe2 Rfe8 18. Rfe1 Ra7 19. Be5 Rb7 20. Rab1 Bb5 21. Bxb5 Qxb5 22. Qc2 Nd7 23. Bf4 Qc6 24. h3 Nb6 25. Ra1 Nc4 26. Reb1 Ra8 27. b3 Na3 28. Rxa3 Bxa3 29. b4 Rxb4 30. Ra1 Rb3 31. Bd2 Bd6 32. Nf1 Qb5 33. Ne3 Rb2 34. Qc1 Qb3 35. c4 dxc4 36. Nxc4 Rc2 37. Qd1 Qxc4 38. Be3 a3 39. Qf3 Qc6 40. Qd1 a2 41. g3 Rb2 42. Kh2 Qd5 43. Qc1 Rab8 44. Qc3 0-1

[Event "London Mindsports blitz op 4th"]
[Site "London"]
[Date "2024.07.23"]
[Round "8"]
[White "Senlle Caride, Miguel"]
[Black "Gasanov, Eldar"]
[Result "1-0"]
[WhiteElo "2339"]
[BlackElo "2474"]
[PlyCount "61"]
[EventDate "2024.07.23"]
[EventType "swiss (blitz)"]
[EventRounds "14"]
[EventCountry "ENG"]
[SourceTitle "CBM 221 Extra"]
[Source "ChessBase"]
[SourceDate "2024.09.30"]
[SourceVersion "1"]
[SourceVersionDate "2024.09.30"]
[SourceQuality "1"]

1. c4 e5 2. Nc3 Nc6 3. Nf3 Nf6 4. a3 d5 5. cxd5 Nxd5 6. Qc2 Nxc3 7. bxc3 Bd6 8. e4 Qf6 9. Be2 Qg6 10. 0-0 Bh3 11. Ne1 0-0 12. f4 exf4 13. d4 Rae8 14. e5 Bf5 15. Qb2 Nxe5 16. dxe5 Bxe5 17. Bxf4 Bxc3 18. Qxc3 Qb6+ 19. Kh1 Rxe2 20. Bxc7 Qg6 21. Qf3 Bg4 22. Qxb7 Rfe8 23. Bg3 h5 24. Qxa7 Bf5 25. Qd4 R8e4 26. Qd8+ Re8 27. Qd6 R8e6 28. Qf4 Be4 29. Rf2 Rxe1+ 30. Rxe1 Bxg2+ 31. Rxg2 1-0